000 01857nam a22002177a 4500
005 20230315101228.0
008 230311b ||||| |||| 00| 0 eng d
020 _a9789390385522
040 _cAL
041 _aeng
082 _223
_a620.192
_bKOOP
100 _aJoseph H.Koo
_975052
245 _aPolymer Nanocomposites
_b: Processing Characterization and Applications
250 _a2th ed.
260 _aNew York
_bMcGraw Hill Education
_c2020
300 _axvi,523p.
_bHB
_c24x17cm.
365 _2General
_a8200
_b₹1080.00
_c
_d₹1350.00
_e20%
_f3/3/2023
520 _aPolymer composites: properties and applications, second edition begins with an overview of key technologies and processes. From there, readers will get in-depth discussions of each topic, including structural, Mechanical, thermal, and Electrical properties as well as commercial and industrial applications. Examples are provided for a wide variety of uses, including coatings for planes and defense vehicles, medical and dental implants, fire-resistant fabrics, and more. This thoroughly revised guide offers a concise introduction to polymer composites that is ideal for Engineers who need to use biomaterials in real-world situations. Written by a recognised expert in the field, The book explains how polymer composites can be used in the aerospace, transportation, construction, energy, health care, textile, and packaging industries. Highlights: 1. Refocused to connect the properties of polymer composites to specific applications in an expanded range of industries and sectors 2. Explains methods and technologies for working with the latest types of commercially available nanomaterials 3. Written by a recognised polymer nanocomposite expert and academic.
650 _2Engineering and applied operations
_aEngineering and applied operations
_975405
942 _2ddc
_cBK
999 _c227001
_d227001